000 00319nam a22001457a 4500
020 _a978-0-7788-0180-4
082 _a641
_bROL
100 _aROLLAND,J.L
245 _aTHE FOOD ENCYCIOPEDIA
260 _aSPAIN
_bLOFT PUBLISHER
_c2006
300 _a700
650 _aFOOD MANAGEMENT
653 _aFOOD
942 _2ddc
_cBK
999 _c8120
_d8120